000 00538nam a2200193Ia 4500
005 20250326140414.0
008 250326s9999 xx 000 0 und d
020 _a0-393-04982-5
037 _aTextbook
040 _aFMSL
_beng
_cFMSL
041 _aeng
_2eng
084 _aX.1 P2
_qFMSL
100 _aWheelan Charles
_9328394
245 0 _aNaked economics:Undressing the dismal science
_cWheelan Charles
260 _aNY
_bNY, W.W. Norton
_c2002
300 _axxii,260
942 _cTB
_hX.1 P2
999 _c1285644
_d1285644